000 01014nam a22003137a 4500
001 BR9803598
003 BR-BrBNA
005 20230928100019.0
007 ta
008 230509b bl.||||| |||| 00| 0 por d
040 _aBR-BrBNA
_bpor
_cBiblioteca Nacional de Agricultura
041 _a(Por)
072 _aF06
090 _ F06 BR9803598
110 1 _aPrograma Nacional de Irrigacao, Brasilia, DF (Brasil)
_98012
110 1 _aPrograma de Irrigacao do Nordeste, Brasilia, DF (Brasil)
_97970
245 1 _aModelos de exploracao agricola irrigada com pivo central e aspersao convencional para a regiao do oeste baiano
260 3 _aBrasilia, DF (Brasil):
_c1988.
300 _a137 p.
500 _aSummary (Por); 151 tables; Includes bibliography
650 _aIrrigacao
650 _aPivo Central
650 _aEquipamento de Irrigacao
650 _aProducao Agricola
650 _aProdutividade
650 _aAnalise de Custo-Beneficio
909 _a202309
_bLucia
_c55
_dLucia Elande
942 _cBK
999 _c59874
_d59874